000 00472nam a2200181Ia 4500
001 21151
005 20260306172858.0
008 260306t2022||||xx |||||||||||||| ||spa||
041 _aESP
082 _a344C4
_bR84 T. 1
100 _aRosas Yataco, Jorge
_eAUT
245 0 _aCódigo penal:
_bcomentado, concordado y jurisprudencial. Parte general
260 _c2022
300 _a957 páginas :
_c25 cm.
650 _aGEN
654 _aCDE
942 _cLIB
_dJUS
_fJUS
_2ddc
_n
999 _c21151
_d21151